000
00311nam a22001457a 4500
008
231124b ||||| |||| 00| 0 eng d
020
_a
9780380974948
041
_a
eng
080
_a
573
082
_a
573SIL
100
_a
16
101
_a
BIOLO
245
_a
REMAKING EDEN
_c
SILVER .M .L
942
_2
udc
_c
BK
999
_c
60530
_d
60530